000 00825cam a2200289 4500500
005 20260405004101.0
041 _afre
042 _adc
100 1 0 _aOrtoli, Sven
_eauthor
245 0 0 _aBaptiste Morizot : premier contact avec la forêt primaire
260 _c2022.
500 _a56
690 _aBaptiste Morizot
690 _aBiélorussie
690 _aBois
690 _aCohabitation
690 _aforêt
690 _aMain
690 _aMythe
690 _aNature
690 _aOutil
690 _aPlante
690 _aPologne
690 _aVoyage
786 0 _nPhilosophie magazine - Hors séries | Hors-série - Pritemps-été 2022 | HS53 | 2022-04-01 | p. 2-4 | 2104-9246
856 4 1 _uhttps://shs.cairn.info/magazine-philosophie-magazine-2022-3-6-page-2?lang=fr&redirect-ssocas=7080
999 _c2073557
_d2073557